Manpower review /

Bibliographic Details
New Title:Employment service review (Washington, D.C. : 1945)
Previous Title:Employment security review (Washington, D.C. : 1940)
Uniform Title:Manpower review (Washington, D.C. : 1943)
Corporate Authors: United States. Bureau of Employment Security, United States. War Manpower Commission
Format: Government Document Journal
Language:English
Published: [Washington, D.C.] : [for sale by the Supt. of Docs., Gov't. Print. Off.], [War Manpower Commission] ; 1943-1945.
Subjects:

MARC

Tag First Indicator Second Indicator Subfields
LEADER 00000cas a2200000Ia 4500
001 in00002001129
005 20151031125554.0
008 830205d19431945dcumr p f0 0eng d
019 |a 2263829 
035 |a (OCoLC)ocm09193186 
040 |a IUC  |c IUC  |d OCL  |d NYG  |d OWU  |d MYG  |d OCL  |d IUL  |d OCLCQ  |d TXA  |d UtOrBLW 
043 |a n-us--- 
049 |a TXAM 
050 4 |a HD5873  |b .A464 
086 0 |a Pr 32.5209: 
092 |a 331.1151  |b E55 
130 0 |a Manpower review (Washington, D.C. : 1943) 
245 1 0 |a Manpower review /  |c War Manpower Commission. 
264 1 |a [Washington, D.C.] :  |b [War Manpower Commission] ;  |a [for sale by the Supt. of Docs., Gov't. Print. Off.],  |c 1943-1945. 
300 |a 3 volumes :  |b illustrations ;  |c 27 cm. 
310 |a Monthly 
336 |a text  |b txt  |2 rdacontent 
337 |a unmediated  |b n  |2 rdamedia 
338 |a volume  |b nc  |2 rdacarrier 
362 0 |a Vol. 10, no. 1 (Jan. 1943)-v. 12, no. 9 (Sept. 1945). 
500 |a Title from cover. 
650 0 |a Employment agencies  |z United States  |v Periodicals. 
650 0 |a Manpower policy  |z United States  |v Periodicals. 
710 1 |a United States.  |b Bureau of Employment Security. 
710 1 |a United States.  |b War Manpower Commission. 
780 0 0 |t Employment security review (Washington, D.C. : 1940)  |w (OCoLC)9193181 
785 0 0 |t Employment service review (Washington, D.C. : 1945)  |w (OCoLC)9193194 
994 |a C0  |b TXA 
999 |a MARS 
999 f f |s 73a88605-1697-3c6b-8d4c-6fc837efbdcd  |i f56dab8c-f2e1-32a9-b542-764f695d6484  |t 0 
952 f f |p normal  |a Texas A&M University  |b College Station  |c Sterling C. Evans Library  |d Evans: US Documents (Annex 5th floor)  |t 0  |e Pr 32.5209:  |h Superintendent of Documents classification  |i unmediated -- volume  |k v.10:no.1-12  |l 1943  |m A14832128001 
998 f f |a Pr 32.5209:  |s v.10:no.1-12 (1943)  |t 0  |l Evans: US Documents (Annex 5th floor)